| 000 | 00375nam a22001337a 4500 | ||
|---|---|---|---|
| 082 |
_a030 _bNEE/E |
||
| 100 | _aNAMBUDIRI, NEELAKANDAN | ||
| 245 | _aMULTIPURPOSE ROYAL ENGLISH-ENGLISH MALAYALAM-MALAYALAM- HINDI DICTIONARY | ||
| 250 | _aFIFTEENTH EDITION | ||
| 260 |
_aKOZHIKODE _bDHRONACHARYA PUBLICATIONS _c2018 |
||
| 300 | _a1056 | ||
| 650 |
_aDICTIONARY _zINDIA |
||
| 942 | _cBK | ||
| 999 |
_c1728 _d1728 |
||